Statistics for Anne Heche Filmography

Click here to take the quiz!

General Stats

  • This quiz has been taken 10 times
    (2 since last reset)
  • The average score is 4 of 104

Answer Stats

TypeYearName% Correct
TV Show1997, 1998Ellen
100%
TV Show2021-2023All Rise
50%
TV Show1987-1991Another World
50%
Director2001Ellen DeGeneres: American Summer Documentary
50%
Film2023Supercell
50%
TV Show2014The Legend of Korra
50%
Film1997Volcano
50%
Film202113 Minutes
0%
Video Game19969: The Last Resort
0%
TV Film2016A Christmas Carol
0%
Theater2003Adam's Rib
0%
TV Show2013, 2015Adventure Time
0%
TV Show2016Aftermath
0%
TV Film1994Against the Wall
0%
TV Show2001Ally McBeal
0%
Film1993An Ambush of Ghosts
0%
Film2017Armed Response
0%
Film2012Arthur Newman
0%
Film1994A Simple Twist of Fate
0%
Film2000Auggie Rose
0%
Film2004Birth
0%
Film2012Black November
0%
TV Mini-Series2012Blackout
0%
Film2016Catfight
0%
Film2011Cedar Rapids
0%
FilmTBAChasing Nightmares
0%
TV Show2018-2019Chicago P.D.
0%
TV Show2020Dancing with the Stars
0%
TV Mini-Series2015Dig
0%
Film1997Donnie Brasco
0%
TV Show2004-2005Everwood
0%
TV Film2006Fatal Desire
0%
Film2023Frankie Meets Jack
0%
TV Film2011Girl Fight
0%
TV Film2022Girl in Room 13
0%
TV Film1994Girls in Prison
0%
TV Film2004Gracie's Choice: A Story of Love
0%
Short Film2022Hardboiled
0%
TV Show2005, 2006Higglytown Heroes
0%
TV Show2009-2011Hung
0%
TV Film1996If These Walls Could Talk
0%
Director2000If These Walls Could Talk 2
0%
Film1997I Know What You Did Last Summer
0%
Film1994I'll Do Anything
0%
Documentary Series2009Jean-Michel Cousteau: Ocean Adventures
0%
Film2002John Q.
0%
TV Film1995Kingfish: A Story of Huey P. Long
0%
Film2013Life at These Speeds
0%
TV Film2016Looks Like Christmas
0%
TV Show2007Masters of Science Fiction
0%
TV Show2006-2008Men in Trees
0%
Film1994Milk Money
0%
TV Show1991Murphy Brown
0%
Film2017My Friend Dahmer
0%
TV Show2005Nip/Tuck
0%
Film2013Nothing Left to Fear
0%
TV Film2014One Christmas Eve
0%
TV Film2000One Kill
0%
Director2001On the Edge
0%
Film2016Opening Night
0%
TV Film1992O Pioneers!
0%
Film1996Pie in the Sky
0%
Theater2002-2003Proof
0%
Film2001Prozac Nation
0%
Film1998Psycho
0%
TV Show2015, 2018Quantico
0%
Film2011Rampart
0%
TV Show1994Rebel Highway
0%
Film1998Return to Paradise
0%
TV Show2013Save Me
0%
Film2004Sexual Life
0%
TV Film2011Silent Witness
0%
TV Film2005Silver Bells
0%
Film1998Six Days, Seven Nights
0%
Film2009Spread
0%
TV Film1997Subway Stories: Tales from the Underground
0%
Film2007Suffering Man's Charity
0%
Film2007Superman: Doomsday
0%
Film2012That's What She Said
0%
Film1993The Adventures of Huck Finn
0%
Film2019The Best of Enemies
0%
TV Show2017-2018The Brave
0%
TV Film2004The Dead Will Tell
0%
Audiobook1999The Girl Who Loved Tom Gordon
0%
TV Short1994The Investigator
0%
Film1996The Juror
0%
Film2017The Last Word
0%
TV Show2013-2014The Michael J. Fox Show
0%
Film2010The Other Guys
0%
Film1999The Third Miracle
0%
Film2020The Vanished
0%
TV Show1993The Young Indiana Jones Chronicles
0%
Film2008Toxic Skies
0%
TV Pilot2005True
0%
Theater2004Twentieth Century
0%
Film1997Wag the Dog
0%
Film1996Walking and Talking
0%
Film2007What Love Is
0%
Film2022What Remains
0%
Film2015Wild Card
0%
Film2020Wildfire
0%
Film2023Wildfire: The Legend of the Cherokee Ghost Horse
0%
Film1995Wild Side
0%
Film2023You're Killing Me
0%

Score Distribution

Percentile by Number Answered

Percent of People with Each Score

Your Score History

You have not taken this quiz since the last reset